Quranic Concept of War and Peace (Record no. 14230)

MARC details
000 -LEADER
fixed length control field 00621nam a2200241 a 4500
020 ## - INTERNATIONAL STANDARD BOOK NUMBER
ISBN 8173916
082 00 - DEWEY DECIMAL CLASSIFICATION NUMBER
Classification number 297.1228
Author Cutter FAL
100 ## - MAIN ENTRY--AUTHOR NAME
Author name Falahi, Towqeer Alam
245 ## - TITLE STATEMENT
Title Quranic Concept of War and Peace
260 ## - PUBLICATION, DISTRIBUTION, ETC. (IMPRINT)
Place of publication Delhi
Name of publisher Kanishka Pub.
Year of publication 0000
300 ## - PHYSICAL DESCRIPTION
Number of Pages 109p
500 ## - GENERAL NOTE
General note includes index and biblioraphy
505 2# - FORMATTED CONTENTS NOTE
Formatted contents note Index, Quranic Verses
650 ## - SUBJECT ADDED ENTRY--TOPICAL TERM
Topical Term Quran and Sociology
942 ## - ADDED ENTRY ELEMENTS (KOHA)
Koha item type Books
700 1# -
-- Falahi, Towqeer Alam
Holdings
Collection code Home library Current library Date acquired Cost, normal purchase price Full call number Accession Number Koha item type
  Henry Martyn Institute Library Henry Martyn Institute Library 08/03/2007 300.00 297.1228 FAL 020559 Books
                   Copyright © 2026 | Henry Martyn Institute | Hyderabad | TS-500052 | INDIA | Implemented by hmi.edu.in
Hit-Count:

Powered by Koha